Proibito capire : (Record n. 108536)
[ formato base ]
| 000 -LEADER | |
|---|---|
| fixed length control field | 00694nam a2200241 i 4500 |
| 001 - CONTROL NUMBER | |
| control field | 000000121152 |
| 003 - CONTROL NUMBER IDENTIFIER | |
| control field | IT-RoPUS |
| 005 - DATE AND TIME OF LATEST TRANSACTION | |
| control field | 20220918181311.0 |
| 008 - FIXED-LENGTH DATA ELEMENTS--GENERAL INFORMATION | |
| fixed length control field | 070827s2005 it u000 u ita c |
| 020 ## - INTERNATIONAL STANDARD BOOK NUMBER | |
| International Standard Book Number | 8815107916 |
| 035 ## - SYSTEM CONTROL NUMBER | |
| System control number | (OCoLC)062283405 |
| 035 ## - SYSTEM CONTROL NUMBER | |
| System control number | (IT-RoPUS)121152 |
| 040 ## - CATALOGING SOURCE | |
| Original cataloging agency | IT-RoPUS |
| Language of cataloging | ita |
| Transcribing agency | IT-RoPAU |
| 082 04 - DEWEY DECIMAL CLASSIFICATION NUMBER | |
| Classification number | 264.02 |
| Edition number | 22 |
| 100 1# - MAIN ENTRY--PERSONAL NAME | |
| Personal name | Fragnito, Gigliola. |
| 9 (RLIN) | 28810 |
| 245 10 - TITLE STATEMENT | |
| Title | Proibito capire : |
| Remainder of title | la Chiesa e il volgare nella prima età moderna / |
| Statement of responsibility, etc. | Gigliola Fragnito. |
| 260 ## - PUBLICATION, DISTRIBUTION, ETC. (IMPRINT) | |
| Place of publication, distribution, etc. | Bologna : |
| Name of publisher, distributor, etc. | Il mulino, |
| Date of publication, distribution, etc. | ©2005. |
| 300 ## - PHYSICAL DESCRIPTION | |
| Extent | 325 p. ; |
| Dimensions | 22 cm |
| 490 1# - SERIES STATEMENT | |
| Series statement | Saggi ; |
| Volume/sequential designation | 640 |
| 830 #0 - SERIES ADDED ENTRY--UNIFORM TITLE | |
| Uniform title | Saggi (Il mulino) ; |
| Volume number/sequential designation | 640. |
| 9 (RLIN) | 35180 |
| 942 ## - ADDED ENTRY ELEMENTS (KOHA) | |
| Institution code [OBSOLETE] | BKS |
| Koha item type | LIBRO |
| Withdrawn status | Lost status | Source of classification or shelving scheme | Damaged status | Not for loan | Home library | Current library | Date acquired | Total Checkouts | Full call number | Barcode | Date last seen | Price effective from | Koha item type |
|---|---|---|---|---|---|---|---|---|---|---|---|---|---|
| Dewey Decimal Classification | Buone Condizioni | Not For Loan | PAULUS-BIBLIOTECA | PAULUS-BIBLIOTECA | 06/07/2015 | 264.02 | 9788815107916 | 06/07/2015 | 06/07/2015 | LIBRO |